Politics and exegesis : Origen and the two swords /

Bibliographic Details
Main Author: Caspary, Gerard E.
Format: Book
Language:English
Latin
Published: Berkeley : University of California Press, [1979]
Subjects:

MARC

Tag First Indicator Second Indicator Subfields
LEADER 00000cam a2200000 i 4500
001 in00000062577
005 20151007083024.0
008 790705s1979 cau b 00110 eng
010 |a  77071058  
020 |a 0520034457 
035 |a (OCoLC)05132875 
035 |9 AAF8741AM 
040 |a DLC  |c DLC  |d TXA  |d UtOrBLW 
041 0 |a eng  |a lat 
049 |a TXAM  |c [1159856] 
050 0 0 |a BR65.O68  |b C37 
082 0 |a 230/.1/3 
100 1 |a Caspary, Gerard E. 
245 1 0 |a Politics and exegesis :  |b Origen and the two swords /  |c Gerard E. Caspary. 
264 1 |a Berkeley :  |b University of California Press,  |c [1979] 
264 4 |c ©1979 
300 |a xv, 215 pages ;  |c 24 cm. 
336 |a text  |b txt  |2 rdacontent 
337 |a unmediated  |b n  |2 rdamedia 
338 |a volume  |b nc  |2 rdacarrier 
500 |a English and Latin. 
504 |a Includes bibliographical references and indexes. 
600 0 0 |a Origen. 
650 0 |a Christianity and politics  |x History. 
650 0 |a Church and state  |x History. 
999 |a MARS 
999 f f |s f87aa1f1-d16a-3535-92bc-ac4cc5d573db  |i 711e62a6-2043-3e74-a29d-524ef16a159e  |t 0 
952 f f |p normal  |a Texas A&M University  |b College Station  |c Sterling C. Evans Library  |d Evans: Library Stacks  |t 0  |e BR65.O68 C37  |h Library of Congress classification  |i unmediated -- volume  |m A14801760058 
998 f f |a BR65.O68 C37  |t 0  |l Evans: Library Stacks